25 Największych miast (aglomeracji) w Belgii i Holandii na mapie - Statystyki

Ogólne statystyki
  • Ten quiz został rozwiązany 35 razy
  • Średni wynik to 13 z 25
Odpowiedzi na mapie
Odpowiedzi zakodowano w zielono-czerwonej skali na mapie do tego quizu, zgodnie z poniższymi procentami.
 
Statystyki odpowiedzi
Państwo Miasto Ludność % Poprawnych
Niderlandy Amsterdam 1,1 mln
100%
Belgia Antwerpia 990k
100%
Belgia Bruksela 2 mln
100%
Niderlandy Rotterdam 870k
95%
Niderlandy Eindhoven 320k
89%
Belgia Gandawa 430k
84%
Niderlandy Groningen 220k
84%
Niderlandy Haga 850k
74%
Belgia Liege 550k
74%
Niderlandy Utrecht 400k
68%
Niderlandy Breda 155k
58%
Belgia Charleroi 360k
53%
Niderlandy Tilburg 220k
42%
Niderlandy Nijmegen 160k
37%
Niderlandy Haarlem 210k
32%
Niderlandy Lejda 270k
26%
Niderlandy Almere 190k
21%
Niderlandy Amersfoort 155k
21%
Niderlandy Dordrecht 220k
21%
Belgia Kortrijk 220k
21%
Belgia Mons / Bergen 210k
21%
Belgia Hasselt 170k
16%
Niderlandy Heerlen 170k
16%
Belgia Leuven /Louvain 170k
16%
Niderlandy 's-Hertogenbosch 165k
11%
Nie znaleziono quizów pasujących do podanych kryteriów
Rozkład punktacji
Procent ludzi z każdym wynikiem
Percentyl według liczby udzielonych odpowiedzi
Twoja historia wyników
Nie rozwiązałeś tego quizu